=LDR 00000nam 2200000 4500 =001 INLIS000000000809682 =008 ###################################ind## =035 ##$$a 0010-0825000175 =245 ##$$a Burung Di Indonesia / $c Tri Yulianto =260 ##$$b ANEKA ILMU =020 ##$$a 9789790481473 =084 ##$$a 610 NTO b =520 ##$$a Peternakan burung selain unggas =082 ##$$a 610